Great Literature #43 - Statistics

General Stats
  • This quiz has been taken 92 times
  • The average score is 9 of 20
Answer Stats
Hint Explanation Answer % Correct
Johanna Spyri 1880-1881 Heidi
76%
Ray Bradbury 1950 The Martian Chronicles
73%
Stephen King 1975 ‘Salem’s Lot
69%
Jean M. Auel 1980 The Clan of the Cave Bear
63%
Honoré de Balzac 1829-1848 (La Comédie humaine) The Human Comedy
61%
Allen Ginsberg 1956 Howl
55%
Rainer Maria Rilke 1929 (Briefe an einen jungen Dichter) Letters to a Young Poet
55%
Laura Esquivel 1989 (Como agua para chocolate) Like Water for Chocolate
54%
Daphne du Maurier 1951 My Cousin Rachel
54%
Harriet Jacobs 1861 Incidents in the Life of a Slave Girl
45%
Shirley Jackson 1962 We Have Always Lived in the Castle
33%
Iris Murdoch 1954 Under the Net
31%
Raymond Carver 1981 What We Talk About When We Talk About Love
31%
Jean Toomer 1923 Cane
30%
Keri Hulme 1984 The Bone People
30%
Edwin A. Abbott 1884 Flatland: A Romance of Many Dimensions
28%
Luís Vaz Camões 1572 (Os Lusíadas) The Lusiads
28%
John Berger 1972 Ways of Seeing
24%
Alejo Carpentier 1949 (El reino de este mundo) The Kingdom of This World
19%
Gottfried Keller 1855 Green Henry
16%
No matching quizzes found
Score Distribution
Percent of People with Each Score
Percentile by Number Answered
Your Score History
You have not taken this quiz